| 000 | 01057cam a22002894a 4500 | ||
|---|---|---|---|
| 999 |
_c126323 _d126323 |
||
| 001 | 11761133 | ||
| 003 | ARRUPE | ||
| 005 | 20170322110753.0 | ||
| 008 | 990729s1999 nyu b 000 0 eng | ||
| 010 | _a 99041187 | ||
| 020 | _a0809139146 (alk. paper) | ||
| 035 | _a(DLC) 99041187 | ||
| 040 |
_aDLC _cDLC _dDLC |
||
| 042 | _apcc | ||
| 050 | 0 | 0 |
_aBX2265.2 _b.S73 1999 |
| 082 | 0 | 0 |
_a264/.020862 _221 |
| 100 | 1 |
_aStasiak, Kurt, _d1952- _9788 |
|
| 245 | 1 | 2 |
_aA confessor's handbook / _cby Kurt Stasiak. |
| 260 |
_aNew York : _bPaulist Press, _cc1999. |
||
| 300 |
_axi, 153 p. ; _c21 cm. |
||
| 504 | _aIncludes bibliographical references (p. 151-153). | ||
| 650 | 0 |
_aConfession (Liturgy) _xCatholic Church Handbooks, manuals, etc _929489 |
|
| 650 | 0 |
_aReconciliation _xReligious aspects _xCatholic Church Handbooks, manuals, etc _929490 |
|
| 650 | 0 |
_aCathjolic Church _xLiturgy Handbooks, manuals, etc _929491 |
|
| 906 |
_a7 _bcbc _corignew _d1 _eocip _f19 _gy-gencatlg |
||
| 942 |
_2lcc _cMONOGRAPH |
||